Forma, obsah a štruktúra súvahy

Forma prezentácie položiek súvahy malých a veľkých účtovných jednotiek. Jej obsah a štruktúra. Podstatné zmeny v porovnaní so súvahou zostavovanou do 30.12. 2014. Ich analýza.

Salvato in:
Dettagli Bibliografici
Autore principale: Šlosárová, Anna
Natura: Capitolo di libro
Lingua:slovacco
Soggetti:
Tags: Aggiungi Tag
Nessun Tag, puoi essere il primo ad aggiungerne!!

MARC

LEADER 00000naa a2200000 4500
001 0205818
005 20240502073427.8
041 0 |a slo 
044 |a SK 
245 1 0 |a Forma, obsah a štruktúra súvahy  |c Anna Šlosárová 
520 |a Forma prezentácie položiek súvahy malých a veľkých účtovných jednotiek. Jej obsah a štruktúra. Podstatné zmeny v porovnaní so súvahou zostavovanou do 30.12. 2014. Ich analýza. 
610 2 0 |a podnik malý 
610 2 0 |a jednotka účtovná 
610 2 0 |a podnik stredný 
610 2 0 |a súvaha 
610 2 0 |a situácia finančná podniku 
610 2 0 |a závierka účtovná 
100 1 |a Šlosárová, Anna